[Event "KAZ-ch"]
[Site "Astana"]
[Date "2025.05.27"]
[Round "9"]
[White "Sapenov, Daniyal"]
[Black "Agmanov, Zhandos"]
[Result "1/2-1/2"]
[WhiteElo "2415"]
[BlackElo "2480"]
[PlyCount "29"]
[EventDate "2025.05.21"]
[EventType "tourn"]
[EventRounds "13"]
[EventCountry "KAZ"]
[EventCategory "7"]
[SourceTitle "CB24_2025"]
[SourceDate "2025.06.11"]
[SourceVersion "1"]
[SourceVersionDate "2025.06.11"]
[SourceQuality "1"]

1. Nf3 d5 2. g3 Nf6 3. Bg2 c5 4. 0-0 e6 5. c4 d4 6. e3 Nc6 7. d3 Bd6 8. exd4 cxd4 9. Na3 0-0 10. Nc2 e5 11. b4 a6 12. Re1 Re8 13. Rb1 Bg4 14. h3 Bh5 15. g4 1/2-1/2

[Event "KAZ-ch"]
[Site "Astana"]
[Date "2025.05.24"]
[Round "5"]
[White "Sapenov, Daniyal"]
[Black "Igambergenov, Alibek"]
[Result "1/2-1/2"]
[WhiteElo "2415"]
[BlackElo "2315"]
[PlyCount "119"]
[EventDate "2025.05.21"]
[EventType "tourn"]
[EventRounds "13"]
[EventCountry "KAZ"]
[EventCategory "7"]
[SourceTitle "CB24_2025"]
[SourceDate "2025.06.11"]
[SourceVersion "1"]
[SourceVersionDate "2025.06.11"]
[SourceQuality "1"]

1. d4 d5 2. c4 c6 3. Nf3 Nf6 4. e3 Bf5 5. Nc3 e6 6. Nh4 Be4 7. f3 Bg6 8. Nxg6 hxg6 9. Qb3 Qc7 10. cxd5 cxd5 11. Bd2 Nc6 12. 0-0-0 a6 13. Kb1 Bd6 14. e4 dxe4 15. fxe4 Nxd4 16. Qa4+ Nc6 17. Nb5 Qb8 18. Nxd6+ Qxd6 19. Bh6 Qe5 20. Bxg7 Rh7 21. Bxf6 Qxf6 22. Bb5 Rc8 23. Bxc6+ Rxc6 24. Rd6 b5 25. Qa3 Rxd6 26. Qxd6 Qd8 27. Qxd8+ Kxd8 28. Kc2 Ke7 29. Kd3 Kd6 30. h4 Ke5 31. Ke3 Rh8 32. g4 Rc8 33. h5 Kf6 34. Rf1+ Kg7 35. hxg6 Kxg6 36. Rf2 f6 37. Rd2 e5 38. Rd6 Rc2 39. Rxa6 Rxb2 40. Ra8 Rc2 41. Rg8+ Kh6 42. Rb8 Rxa2 43. Rxb5 Kg5 44. Rb6 Ra1 45. Kf2 Rh1 46. Ra6 Rh6 47. Kf3 Rh3+ 48. Kf2 Rb3 49. Rc6 Rb2+ 50. Kf3 Rb8 51. Ra6 Rb1 52. Kf2 Rh1 53. Rb6 Rh4 54. Kf3 Rh6 55. Ra6 Rh4 56. Rb6 Rxg4 57. Rxf6 Rxe4 58. Kxe4 Kxf6 59. Ke3 e4 60. Kxe4 1/2-1/2

[Event "KAZ-ch"]
[Site "Astana"]
[Date "2025.05.22"]
[Round "3"]
[White "Sapenov, Daniyal"]
[Black "Makhnev, Denis"]
[Result "1/2-1/2"]
[WhiteElo "2415"]
[BlackElo "2526"]
[PlyCount "73"]
[EventDate "2025.05.21"]
[EventType "tourn"]
[EventRounds "13"]
[EventCountry "KAZ"]
[EventCategory "7"]
[SourceTitle "CB24_2025"]
[SourceDate "2025.06.11"]
[SourceVersion "1"]
[SourceVersionDate "2025.06.11"]
[SourceQuality "1"]

1. d4 Nf6 2. c4 e6 3. Nf3 d5 4. g3 Nbd7 5. Bg2 c6 6. 0-0 Bd6 7. Nfd2 0-0 8. Nc3 Be7 9. a4 a5 10. b3 Ne8 11. e3 f5 12. Ba3 Bxa3 13. Rxa3 Qe7 14. Ra1 Nd6 15. Qc2 Nf6 16. Rab1 Bd7 17. Nf3 Nf7 18. Ne1 Bc8 19. Nd3 b6 20. Rfc1 Ba6 21. Nf4 Rfc8 22. Qd1 Rab8 23. cxd5 cxd5 24. h4 Nd6 25. Bf1 Bxf1 26. Qxf1 Kf7 27. Nb5 Nfe4 28. Nxd6+ Nxd6 29. Nd3 Kg8 30. Ne5 Ra8 31. Rb2 Rxc1 32. Qxc1 Rc8 33. Rc2 Rxc2 34. Qxc2 Qb7 35. f3 Nf7 36. Nd3 Nd8 37. Ne5 1/2-1/2

[Event "KAZ-ch"]
[Site "Astana"]
[Date "2025.05.21"]
[Round "1"]
[White "Akhmetov, Ayan"]
[Black "Sapenov, Daniyal"]
[Result "1-0"]
[WhiteElo "2410"]
[BlackElo "2415"]
[PlyCount "111"]
[EventDate "2025.05.21"]
[EventType "tourn"]
[EventRounds "13"]
[EventCountry "KAZ"]
[EventCategory "7"]
[SourceTitle "CB24_2025"]
[SourceDate "2025.06.11"]
[SourceVersion "1"]
[SourceVersionDate "2025.06.11"]
[SourceQuality "1"]

1. e4 e5 2. Nf3 Nc6 3. Bb5 a6 4. Ba4 Nf6 5. Nc3 Be7 6. d3 b5 7. Bb3 d6 8. a3 0-0 9. Nd5 Nxd5 10. Bxd5 Qe8 11. c3 Rb8 12. Be3 Bd8 13. b4 Ne7 14. Bb3 Ng6 15. g3 Bh3 16. Ng5 Bxg5 17. Bxg5 Be6 18. h4 h6 19. Be3 Bxb3 20. Qxb3 Qd7 21. h5 Ne7 22. f3 c5 23. bxc5 dxc5 24. Rd1 Qc6 25. d4 c4 26. Qb4 Qf6 27. 0-0 Nc6 28. Qb2 Rbd8 29. d5 Na5 30. Qb4 Nb3 31. a4 Qd6 32. axb5 Qxb4 33. cxb4 axb5 34. d6 Rd7 35. Rd5 Rc8 36. f4 exf4 37. gxf4 f6 38. e5 Kf7 39. Rxb5 fxe5 40. fxe5+ Ke6 41. Rf2 c3 42. Rc2 Rf7 43. Bc5 Rf3 44. Rb7 Nxc5 45. bxc5 Kxe5 46. d7 Ra8 47. Ra7 Raf8 48. Rc7 Rd8 49. c6 Kd6 50. Rc8 Rff8 51. Rxd8 Rxd8 52. Rxc3 Kc7 53. Kf2 Rg8 54. Re3 Rf8+ 55. Kg3 Kd8 56. Kg4 1-0

[Event "Asia-ch"]
[Site "Al Ain"]
[Date "2025.05.15"]
[Round "9"]
[White "Demidov, Mikhail"]
[Black "Sapenov, Daniyal"]
[Result "1-0"]
[WhiteElo "2549"]
[BlackElo "2415"]
[PlyCount "76"]
[EventDate "2025.05.07"]
[EventType "swiss"]
[EventRounds "9"]
[EventCountry "UAE"]
[SourceTitle "CB21_2025"]
[SourceDate "2025.05.21"]
[SourceVersion "1"]
[SourceVersionDate "2025.05.21"]
[SourceQuality "1"]

1. c4 e6 2. Nf3 d5 3. e3 Nf6 4. Nc3 b6 5. cxd5 exd5 6. g3 Bb7 7. Bg2 Nbd7 8. 0-0 a6 9. b3 Bd6 10. Bb2 0-0 11. Rc1 Re8 12. Re1 Rc8 13. Re2 b5 14. d4 Qe7 15. Rec2 Ne4 16. Ne1 Ndf6 17. Nd3 c6 18. Nxe4 Nxe4 19. Qe1 h5 20. Bc3 Qg5 21. Bb4 Bb8 22. Bxe4 dxe4 23. Nc5 Ba8 24. Nxa6 h4 25. Rc5 Qg6 26. Nxb8 Rxb8 27. Qf1 Bb7 28. Qh3 hxg3 29. Rh5 gxf2+ 30. Kxf2 Qf6+ 31. Kg1 g6 32. Rf1 Qg7 33. Rxf7 Kxf7 34. Rh7 Bc8 35. Qh6 Qxh7 36. Qxh7+ Kf6 37. Qh4+ Kg7 38. d5 Ra8 1-0

[Event "Asia-ch Blitz"]
[Site "Al Ain"]
[Date "2025.05.10"]
[Round "1"]
[White "Sapenov, Daniyal"]
[Black "Abdulrahman Mohammad, Al Taher"]
[Result "1-0"]
[WhiteElo "2415"]
[BlackElo "2244"]
[PlyCount "117"]
[EventDate "2025.05.10"]
[EventType "swiss (blitz)"]
[EventRounds "9"]
[EventCountry "UAE"]
[SourceTitle "CB20_2025"]
[SourceDate "2025.05.14"]
[SourceVersion "1"]
[SourceVersionDate "2025.05.14"]
[SourceQuality "1"]

1. d4 d5 2. c4 e6 3. Nf3 Nf6 4. g3 Be7 5. Bg2 0-0 6. Nc3 dxc4 7. Ne5 c5 8. dxc5 Qxd1+ 9. Nxd1 Bxc5 10. 0-0 Nc6 11. Bxc6 bxc6 12. Be3 Bxe3 13. Nxe3 Ba6 14. N3xc4 Rab8 15. Rfc1 Bxc4 16. Nxc4 Rfd8 17. Rc2 c5 18. Ne5 Rbc8 19. Rac1 Rd5 20. Nd3 Nd7 21. b4 Kf8 22. bxc5 Ne5 23. Nxe5 Rxe5 24. f3 Rd5 25. Kf2 Rc6 26. Rc3 a5 27. R1c2 Ke7 28. e4 Rd1 29. Ra3 Ra6 30. Ke3 Kd7 31. Rd3+ Rxd3+ 32. Kxd3 Kc6 33. Kc4 Ra8 34. Rd2 Rb8 35. Rd6+ Kc7 36. Ra6 Rb4+ 37. Kc3 Rb5 38. Ra7+ Kc6 39. Rxf7 Rxc5+ 40. Kd3 Rh5 41. h4 g5 42. hxg5 Rxg5 43. g4 h5 44. gxh5 Rxh5 45. Ra7 Rb5 46. Kd4 e5+ 47. Kd3 Rc5 48. Ra6+ Kd7 49. a4 Ke7 50. Ke3 Rc3+ 51. Kf2 Rc5 52. Kg3 Kf7 53. Kg4 Ke7 54. Kf5 Rc3 55. Kxe5 Rxf3 56. Rxa5 Rh3 57. Ra7+ Kd8 58. Kd5 Rd3+ 59. Ke6 1-0

[Event "Asia-ch Blitz"]
[Site "Al Ain"]
[Date "2025.05.10"]
[Round "4"]
[White "Zia, Tahsin Tajwar"]
[Black "Sapenov, Daniyal"]
[Result "0-1"]
[WhiteElo "2374"]
[BlackElo "2415"]
[PlyCount "110"]
[EventDate "2025.05.10"]
[EventType "swiss (blitz)"]
[EventRounds "9"]
[EventCountry "UAE"]
[SourceTitle "CB20_2025"]
[SourceDate "2025.05.14"]
[SourceVersion "1"]
[SourceVersionDate "2025.05.14"]
[SourceQuality "1"]

1. Nf3 Nf6 2. c4 e6 3. g3 d5 4. d4 Be7 5. Bg2 0-0 6. 0-0 c6 7. Nc3 b6 8. Ne5 a5 9. e4 Ba6 10. exd5 exd5 11. Re1 Ra7 12. cxd5 Nxd5 13. Nxd5 cxd5 14. a3 Bf6 15. Bf4 Re7 16. Rc1 Bb7 17. h4 Nd7 18. Nxd7 Rxd7 19. Bh3 Re7 20. Rxe7 Bxe7 21. Rc7 Ba6 22. Rd7 Qe8 23. Rxd5 Bf6 24. Rd7 Bc8 25. Qa4 Bxd7 26. Bxd7 Qe4 27. Be3 Rd8 28. Bc6 Qb1+ 29. Kh2 Qxb2 30. d5 Be7 31. Qf4 Bc5 32. Qc7 Qf6 33. Bf4 h6 34. Kg2 Bd6 35. Bxd6 Rxd6 36. Qxb6 Rxd5 37. Qb8+ Rd8 38. Qc7 Qd6 39. Qxd6 Rxd6 40. Bb5 Rd4 41. a4 Rb4 42. Kf3 Rb2 43. Ke3 Kf8 44. f3 Ke7 45. g4 Kf6 46. h5 Ke5 47. Bc4 Rb4 48. Bb5 Rb3+ 49. Ke2 f5 50. gxf5 Kxf5 51. Kf2 Kg5 52. Be8 Kf4 53. Bc6 Rb2+ 54. Ke1 Kg5 55. Be8 Rh2 0-1

[Event "Asia-ch"]
[Site "Al Ain"]
[Date "2025.05.09"]
[Round "3"]
[White "Liu, Yi"]
[Black "Sapenov, Daniyal"]
[Result "1-0"]
[WhiteElo "2261"]
[BlackElo "2415"]
[PlyCount "111"]
[EventDate "2025.05.07"]
[EventType "swiss"]
[EventRounds "9"]
[EventCountry "UAE"]
[SourceTitle "CB21_2025"]
[SourceDate "2025.05.21"]
[SourceVersion "1"]
[SourceVersionDate "2025.05.21"]
[SourceQuality "1"]

1. d4 Nf6 2. Bf4 e6 3. Nc3 Bb4 4. Qd3 d5 5. a3 Bd6 6. Bxd6 Qxd6 7. e4 dxe4 8. Nxe4 Nxe4 9. Qxe4 Nd7 10. Nf3 Nf6 11. Qh4 b6 12. 0-0-0 Bb7 13. Ne5 Rd8 14. Bb5+ c6 15. Be2 Qc7 16. Rhe1 c5 17. Bb5+ Ke7 18. Qg3 Qc8 19. Qxg7 Rhf8 20. dxc5 Rd5 21. Rxd5 Bxd5 22. c4 Ba8 23. c6 a6 24. Ba4 Qc7 25. Qg5 Rg8 26. Qd2 a5 27. g3 Rd8 28. Qf4 Rd6 29. Qg5 Bxc6 30. Bxc6 Rxc6 31. Nxc6+ Qxc6 32. Qb5 Qf3 33. Qxb6 Nd7 34. Qe3 Qc6 35. Qg5+ Kf8 36. Qd8+ Kg7 37. Qg5+ Kf8 38. Qb5 Qc7 39. b4 axb4 40. Qxb4+ Nc5 41. Re3 Kg8 42. a4 Qd6 43. Kc2 e5 44. a5 Qg6+ 45. Kc3 Qd6 46. Kc2 Qg6+ 47. Kd2 Qd6+ 48. Ke2 Qc7 49. Qb6 Qc8 50. Kf1 e4 51. Kg2 Qf5 52. Qd8+ Kg7 53. Qd5 Qc8 54. Ra3 f5 55. a6 Nxa6 56. Qd6 1-0

[Event "Almaty zt 3.4"]
[Site "Almaty"]
[Date "2025.04.04"]
[Round "3"]
[White "Agmanov, Zhandos"]
[Black "Sapenov, Daniyal"]
[Result "1/2-1/2"]
[WhiteElo "2470"]
[BlackElo "2412"]
[PlyCount "55"]
[EventDate "2025.04.02"]
[EventType "swiss"]
[EventRounds "9"]
[EventCountry "KAZ"]
[SourceTitle "CB15_2025"]
[SourceDate "2025.04.09"]
[SourceVersion "1"]
[SourceVersionDate "2025.04.09"]
[SourceQuality "1"]

1. e4 e5 2. Nf3 Nc6 3. Bb5 a6 4. Ba4 Nf6 5. 0-0 Be7 6. Re1 b5 7. Bb3 d6 8. c3 0-0 9. h3 Bb7 10. d4 Re8 11. Ng5 Rf8 12. Nf3 Re8 13. Nbd2 Bf8 14. a3 h6 15. Bc2 Nb8 16. b3 Nbd7 17. Bb2 g6 18. Bd3 Bg7 19. a4 bxa4 20. Rxa4 d5 21. dxe5 Nxe4 22. Nxe4 dxe4 23. Bxe4 Bxe4 24. Raxe4 Nxe5 25. Rxe5 Bxe5 26. Qxd8 Raxd8 27. Rxe5 Rxe5 28. Nxe5 1/2-1/2

[Event "Almaty zt 3.4"]
[Site "Almaty"]
[Date "2025.04.02"]
[Round "1"]
[White "Azatzhan, Adil"]
[Black "Sapenov, Daniyal"]
[Result "0-1"]
[WhiteElo "2058"]
[BlackElo "2412"]
[PlyCount "88"]
[EventDate "2025.04.02"]
[EventType "swiss"]
[EventRounds "9"]
[EventCountry "KAZ"]
[SourceTitle "CB15_2025"]
[SourceDate "2025.04.09"]
[SourceVersion "1"]
[SourceVersionDate "2025.04.09"]
[SourceQuality "1"]

1. d4 Nf6 2. c4 e6 3. g3 d5 4. Nf3 dxc4 5. Bg2 a6 6. 0-0 Nc6 7. e3 Rb8 8. Qe2 b5 9. b3 cxb3 10. axb3 Bb7 11. Nbd2 Be7 12. Bb2 0-0 13. Rfc1 Nb4 14. Ne5 Bxg2 15. Kxg2 Rb6 16. Kg1 Nd7 17. Nd3 Nxd3 18. Qxd3 Nf6 19. Bc3 Qd7 20. Ba5 Rc6 21. Ne4 Rc8 22. Nxf6+ Bxf6 23. Rxc6 Qxc6 24. Bb4 Rd8 25. Qc3 Qxc3 26. Bxc3 Ra8 27. Bb4 Bd8 28. Ba5 Kf8 29. Rc1 Ra7 30. e4 Ke7 31. Rc6 Kd7 32. d5 Be7 33. h4 Bd6 34. Kf1 f5 35. f3 fxe4 36. fxe4 exd5 37. exd5 Bxg3 38. h5 Bd6 39. Rc2 Ra8 40. Rg2 Be5 41. Ke2 Rf8 42. Rg5 Bf6 43. Rf5 Re8+ 44. Kd3 Re5 0-1

[Event "Wch U20 62nd"]
[Site "Petrovac"]
[Date "2025.03.06"]
[Round "10"]
[White "Sapenov, Daniyal"]
[Black "Mitusov, Semen"]
[Result "1/2-1/2"]
[WhiteElo "2391"]
[BlackElo "2469"]
[PlyCount "60"]
[EventDate "2025.02.25"]
[EventType "swiss"]
[EventRounds "11"]
[EventCountry "MNE"]
[SourceTitle "CB11_2025"]
[SourceDate "2025.03.12"]
[SourceVersion "1"]
[SourceVersionDate "2025.03.12"]
[SourceQuality "1"]

1. e4 e5 2. Nf3 Nc6 3. Bb5 a6 4. Ba4 Nge7 5. 0-0 Ng6 6. Re1 h6 7. Nc3 Bc5 8. Nd5 0-0 9. d3 d6 10. Be3 Bxe3 11. Nxe3 b5 12. Bb3 Na5 13. Qd2 Nxb3 14. axb3 Bb7 15. Nf5 Re8 16. b4 Kh7 17. Ng3 c5 18. Nf5 Re6 19. bxc5 dxc5 20. b3 Qc7 21. Ne3 Rd8 22. Qe2 Nf4 23. Qf1 Rg6 24. Kh1 Bc8 25. Red1 b4 26. Ng1 Bb7 27. f3 Ne6 28. Ne2 Ra8 29. Ra2 Qe7 30. Nc4 Nc7 1/2-1/2

[Event "Wch U16 blitz"]
[Site "Terme Catez"]
[Date "2024.12.16"]
[Round "5"]
[White "Perossa, Nicolas"]
[Black "Sapenov, Daniyal"]
[Result "0-1"]
[WhiteElo "2237"]
[BlackElo "2338"]
[PlyCount "62"]
[EventDate "2024.12.16"]
[EventType "swiss (blitz)"]
[EventRounds "22"]
[EventCountry "SLO"]
[SourceTitle "CB51_2024"]
[SourceDate "2024.12.18"]
[SourceVersion "1"]
[SourceVersionDate "2024.12.18"]
[SourceQuality "1"]

1. e4 c5 2. Nf3 d6 3. d4 cxd4 4. Nxd4 Nf6 5. Nc3 a6 6. Bd3 g6 7. f3 Qb6 8. Nb3 Bg7 9. Bg5 Nc6 10. Qd2 Be6 11. Be3 Qc7 12. Nd4 Nxd4 13. Bxd4 b5 14. a4 b4 15. Nd5 Bxd5 16. exd5 0-0 17. 0-0 Nxd5 18. Be4 Bxd4+ 19. Qxd4 Nf4 20. Kh1 d5 21. Bd3 Nxd3 22. cxd3 Qd6 23. Rfe1 Rfc8 24. Re2 Rc7 25. Rae1 Rac8 26. g3 a5 27. Re5 e6 28. R5e2 Rc2 29. Kg2 b3 30. Qe3 Qb4 31. Qf4 Qxe1 0-1

[Event "Wch U16 blitz"]
[Site "Terme Catez"]
[Date "2024.12.16"]
[Round "22"]
[White "Povshednyi, Ivan"]
[Black "Sapenov, Daniyal"]
[Result "1/2-1/2"]
[WhiteElo "2230"]
[BlackElo "2338"]
[PlyCount "179"]
[EventDate "2024.12.16"]
[EventType "swiss (blitz)"]
[EventRounds "22"]
[EventCountry "SLO"]
[SourceTitle "CB51_2024"]
[SourceDate "2024.12.18"]
[SourceVersion "1"]
[SourceVersionDate "2024.12.18"]
[SourceQuality "1"]

1. Nf3 d5 2. g3 b6 3. Bg2 Bb7 4. c4 dxc4 5. Na3 Nd7 6. Nxc4 e6 7. 0-0 Be7 8. b3 Ngf6 9. Bb2 0-0 10. Qc2 c5 11. Rad1 Rc8 12. Qb1 Qc7 13. d4 Rfd8 14. Rc1 Be4 15. Qa1 Qb7 16. Ne1 Bxg2 17. Nxg2 b5 18. Nce3 cxd4 19. Bxd4 Bf8 20. Nh4 a6 21. Nf3 h6 22. Qb1 Nd5 23. Nxd5 Qxd5 24. Rcd1 Qc6 25. Bb2 Nc5 26. Ne5 Qb7 27. Rxd8 Rxd8 28. Qc2 Qd5 29. Nf3 a5 30. h4 a4 31. bxa4 Nxa4 32. Bd4 Qb7 33. Qb3 Nc5 34. Qe3 Ne4 35. Rb1 Qd5 36. Qb3 Qxb3 37. Rxb3 Nd2 38. Nxd2 Rxd4 39. Nf3 Ra4 40. Rxb5 Rxa2 41. e3 Ra8 42. Rb7 Re8 43. Ne5 Be7 44. h5 Kf8 45. Nd7+ Kg8 46. Ne5 Kf8 47. Kg2 Rc8 48. g4 Ra8 49. Kf3 Rc8 50. Nd7+ Kg8 51. Nb6 Re8 52. Rd7 Bf6 53. Nc4 Rd8 54. Rb7 Rd5 55. Rb8+ Rd8 56. Rb7 Rd5 57. Na3 Be5 58. Nc2 f5 59. gxf5 exf5 60. Nb4 Rd6 61. Nc2 Bf6 62. Ne1 Bg5 63. Ng2 Rf6 64. Nf4 Rf7 65. Rb8+ Rf8 66. Rxf8+ Kxf8 67. Ne6+ Kf7 68. Nd4 Kf6 69. Nb5 g6 70. hxg6 Kxg6 71. Nd6 Be7 72. Nc4 Bf6 73. Na3 Be5 74. Nc4 Bc7 75. Kg2 Kg5 76. f3 Kg6 77. Nd2 Bb6 78. Nc4 Bc7 79. Kh3 Kg5 80. Nb2 Bb6 81. Nd1 Bc5 82. Kg3 Bxe3 83. Nxe3 f4+ 84. Kf2 fxe3+ 85. Kxe3 Kf5 86. Kf2 Kf4 87. Kg2 h5 88. Kh3 Kxf3 89. Kh4 Ke4 90. Kxh5 1/2-1/2

[Event "Wch U16 blitz"]
[Site "Terme Catez"]
[Date "2024.12.16"]
[Round "10"]
[White "Sapenov, Daniyal"]
[Black "Banh, Gia Huy"]
[Result "1/2-1/2"]
[WhiteElo "2338"]
[BlackElo "2252"]
[PlyCount "43"]
[EventDate "2024.12.16"]
[EventType "swiss (blitz)"]
[EventRounds "22"]
[EventCountry "SLO"]
[SourceTitle "CB51_2024"]
[SourceDate "2024.12.18"]
[SourceVersion "1"]
[SourceVersionDate "2024.12.18"]
[SourceQuality "1"]

1. d4 Nf6 2. c4 g6 3. Nc3 Bg7 4. e4 d6 5. Be2 0-0 6. Be3 e5 7. d5 Na6 8. g4 Nc5 9. f3 h5 10. g5 Nh7 11. h4 f6 12. Qd2 fxg5 13. hxg5 a5 14. Nh3 Bxh3 15. Rxh3 Rf4 16. Rg3 Rh4 17. 0-0-0 Qe7 18. Rdg1 Rf8 19. Bf1 Rhf4 20. Be2 Rh4 21. Bf1 Rhf4 22. Be2 1/2-1/2

[Event "Wch U16 blitz"]
[Site "Terme Catez"]
[Date "2024.12.16"]
[Round "2"]
[White "Sapenov, Daniyal"]
[Black "Martic, Ivan3"]
[Result "1-0"]
[WhiteElo "2338"]
[BlackElo "1902"]
[PlyCount "87"]
[EventDate "2024.12.16"]
[EventType "swiss (blitz)"]
[EventRounds "22"]
[EventCountry "SLO"]
[SourceTitle "CB51_2024"]
[SourceDate "2024.12.18"]
[SourceVersion "1"]
[SourceVersionDate "2024.12.18"]
[SourceQuality "1"]

1. d4 d5 2. c4 dxc4 3. e3 e5 4. Bxc4 exd4 5. exd4 Nf6 6. Nf3 Be7 7. 0-0 0-0 8. h3 c6 9. Nc3 Nbd7 10. Re1 Nb6 11. Bb3 Nbd5 12. Bg5 h6 13. Bd2 Bf5 14. Ne5 Bh7 15. Qf3 a5 16. a3 Ra7 17. Rad1 Ra8 18. Qg3 Kh8 19. Re2 Nh5 20. Qf3 Nhf6 21. Rde1 Bd6 22. Ba2 Bc7 23. Na4 Kg8 24. Nc5 Rb8 25. g4 Bxe5 26. dxe5 Nd7 27. Nxd7 Qxd7 28. Bxa5 b6 29. Bd2 Rbd8 30. Qg3 Qe6 31. f4 Kh8 32. f5 Qc8 33. Qf3 Rfe8 34. Bc1 Bg8 35. h4 Qb7 36. g5 Kh7 37. Bb1 g6 38. h5 Ne7 39. e6 Rd5 40. exf7 Bxf7 41. fxg6+ Nxg6 42. hxg6+ Bxg6 43. Bxg6+ Kxg6 44. Rxe8 1-0